LEADER 00989nam0-22003491i-450- 001 990001433820403321 010 $a0.387-98256-6 035 $a000143382 035 $aFED01000143382 035 $a(Aleph)000143382FED01 035 $a000143382 100 $a20000920d1998----km-y0itay50------ba 101 0 $aeng 200 1 $aInverse problems for partial differential equations$fVictor Isakov 210 $aNew York$cSpringer-Verlag$dc1998 215 $axi, 284 p.$d25 cm 225 1 $aApplied mathematical sciences$vO127 610 0 $aEquazioni differenziali 610 0 $aEquazioni differenziali parziali 676 $a515.353 700 1$aIsakov,$bVictor$059372 801 0$aIT$bUNINA$gRICA$2UNIMARC 901 $aBK 912 $a990001433820403321 952 $aC-33-(127$b16229$fMA1 959 $aMA1 962 $a35R30 962 $a86A22 962 $a80A23 996 $aInverse problems for partial differential equations$983379 997 $aUNINA DB $aING01 LEADER 00751nam0-22002651i-450- 001 990003835310403321 010 $a88-458-0335-X 035 $a000383531 035 $aFED01000383531 035 $a(Aleph)000383531FED01 035 $a000383531 100 $a20011011d2000----km-y0itay50------ba 101 0 $aita 200 1 $aDecessi: caratteristiche demografiche e sociali$eanno 1997$fIstituto nazionale di statistica 210 $aRoma$cIstat$d2000 215 $a123 p.$d25 cm 225 1 $aAnnuario$fIstat$v6 676 $a304.06 710 2$aIstat$0493306 801 0$aIT$bUNINA$gRICA$2UNIMARC 901 $aBK 912 $a990003835310403321 959 $aMAS 996 $aDecessi: caratteristiche demografiche e sociali$9507938 997 $aUNINA